Los Procesos de planeación y evaluación /

Đã lưu trong:
Chi tiết về thư mục
Tác giả chính: Casillas Muñoz, María de Lourdes (autor)
Định dạng: Sách
Ngôn ngữ:Tiếng Tây Ban Nha
Được phát hành: México : ANUIES, 1995
Loạt:(Temas de Hoy en la Educación Superior ; 10)
Những chủ đề:
Các nhãn: Thêm thẻ
Không có thẻ, Là người đầu tiên thẻ bản ghi này!

MARC

LEADER 00000nam^a2200000^a^4500
001 000048485
005 20250521000000.0
009 20260310090128.526
020 |a 968-6297-82-0 
037 |a Acervo ITESO - Biblioteca 
041 |a ESP 
082 |a 378. 107  |b CAS 
100 |a Casillas Muñoz, María de Lourdes  |e (autor) 
245 1 4 |a Los Procesos de planeación y evaluación /  |c M.L. Casillas Muñoz. 
264 1 |a México :  |b ANUIES,  |c 1995 
300 |a 84 p. 
336 |a texto  |b txt  |2 rdacontenido 
337 |a sin mediación  |b n  |2 rdamedio 
338 |a volumen  |b nc  |2 rdasoporte 
440 1 |a (Temas de Hoy en la Educación Superior ;  |v 10) 
649 |a XX 
650 |a Planeación Educativa 
650 |a Evaluación Educativa 
650 |a Educación Superior -  |z México 
910 |a Fondo General 
920 |a Impresos - Libros 
930 |a Colección General 
905 |a 101 
901 |a 0500004481  |b IT1  |c ACC  |u 20250521 
902 |a https://opac.biblio.iteso.mx/vufind/Record/000048485